Quelle ville en Europe? - Statistiques

Statistiques générales
  • Ce quiz a été pris 37 102 fois
  • Le résultat moyen est 20 sur 38
Statistiques - réponses
Description Ville % Correct
Séparée par un mur jusqu'à 1989 B Berlin
98%
Capitale de la Catalogne B Barcelone
96%
Traversez la Seine sur un bateau-mouche P Paris
93%
Historiquement connue comme «Constantinople» I Istanbul
89%
De facto la capitale de la Confédération suisse B Berne
88%
Capitale exécutive de l'UE B Bruxelles
85%
Ses gondoles sont fameuses V Venise
84%
Lieu de l’«amphithéâtre Flavien» R Rome
83%
Ville suisse francophone la plus peuplée G Genève
82%
Capitale de la République tchèque P Prague
82%
Petite cité-État le long de la Côte d'Azur M Monaco
79%
Le lieu de naissance de la démocratie A Athènes
77%
Puerta del Sol, Musée du Prado M Madrid
76%
Ville française la plus proche de l'Angleterre C Calais
71%
L'origine de l'Oktoberfest M Munich
71%
Place Ban-Jelačić Z Zagreb
62%
Où Machiavelli est enterré F Florence
59%
Ville la plus grande des pays baltes R Riga
54%
Ville du théâtre d'opéra La Scala M Milan
52%
Ville de Crimée, lieu d'une conférence de la Seconde Guerre mondiale Y Yalta
51%
A été la ville hôte des J.O. d'hiver de 2014 S Sotchi
47%
Lieu de naissance de W.A. Mozart S Salzbourg
45%
Ancienne rivale de ^ , maintenant seulement 30 000 habitants S Sparte
42%
Essentiellement construite sur Amager et Seeland C Copenhague
38%
Où l'Elbe se jette dans la mer du Nord H Hambourg
38%
Ville hôte des J.O. d'hiver de 1984 S Sarajevo
32%
Le derby «Old Firm» a lieu ici G Glasgow
30%
Ville croate avec plage, le Palais de Dioclétien S Split
30%
Oblast et exclave russe K Kaliningrad
29%
Vous trouvez le Monument aux Découvertes ici L Lisbonne
29%
Où vous pouvez courir avec les taureaux de combat P Pampelune
26%
La ville où le RMS Titanic était construit B Belfast
24%
Et la ville où le Titanic a commencé son voyage S Southampton
23%
Située au confluent de la Save et le Danube B Belgrade
22%
Le fleuve Neva S Saint- Pétersbourg
22%
Le Mayflower a commencé son voyage au Nouveau Monde ici P Plymouth
17%
Plus grande ville au nord du cercle arctique M Mourmansk
11%
Plus grande ville de Gotland V Visby
4%
Aucun quiz correspondant
Distribution des résultats
% des personnes avec chaque résultat
Percentile par nombre de réponses
Votre historique - résultats
Vous n’avez pas pris ce quiz